<La> vente de la persuasion a la négociation commerciale

Saved in:
Bibliographic Details
Main Author: Darmon, René-Yves
Format: Book
Language:French
Published: Colombelles Éditions EMS - Management & Societe 2008
Edition:2e éd.
Series:Les essentiels de la gestion
Subjects:
Tags: Add Tag
No Tags, Be the first to tag this record!

MARC

LEADER 00000nam a2200000 4500
001 0125134
005 20231215114822.6
020 |a 978-2-84769-092-7 
041 0 |a fre 
044 |a FR 
245 1 0 |a <La> vente  |b de la persuasion a la négociation commerciale  |c René-Yves Darmon 
250 |a 2e éd. 
264 1 |a Colombelles  |b Éditions EMS - Management & Societe  |c 2008 
300 |a 214 s. 
490 1 |a Les essentiels de la gestion 
830 0 |a Les essentiels de la gestion 
610 2 0 |a obchod 
610 2 0 |a predaj 
610 2 0 |a predajcovia 
610 2 0 |a zákazníci 
610 2 0 |a technika predaja 
100 1 |a Darmon, René-Yves